[Event "Wakefield 4NCL op 10th"]
[Site "Wakefield"]
[Date "2016.09.10"]
[Round "2"]
[White "Savage, Nicholas W"]
[Black "Hilton, Tim"]
[Result "1-0"]
[WhiteElo "2039"]
[BlackElo "1768"]
[PlyCount "45"]
[EventDate "2016.09.09"]
[EventType "swiss"]
[EventRounds "5"]
[EventCountry "ENG"]
[SourceTitle "CBM 174 Extra"]
[Source "ChessBase"]
[SourceDate "2016.10.10"]
[SourceVersion "1"]
[SourceVersionDate "2016.10.10"]
[SourceQuality "1"]

1. d4 e6 2. c4 d5 3. Nf3 c6 4. Qc2 dxc4 5. Qxc4 b5 6. Qc2 Nf6 7. e4 Bb7 8. Bd3 Nbd7 9. 0-0 Be7 10. Nc3 Nb6 11. Rd1 h6 12. Be3 0-0 13. Rac1 a6 14. h3 Qc7 15. Qe2 Rac8 16. e5 Nfd7 17. Ne4 c5 18. dxc5 Bxe4 19. cxb6 Bxf3 20. bxc7 Bxe2 21. Bxe2 Nxe5 22. f4 Ng6 23. Bf3 1-0

[Event "West Bromwich 4NCL op-A 9th"]
[Site "West Bromwich"]
[Date "2016.07.10"]
[Round "5"]
[White "Mason, Donald"]
[Black "Savage, Nicholas W"]
[Result "1/2-1/2"]
[WhiteElo "2143"]
[BlackElo "1991"]
[PlyCount "33"]
[EventDate "2016.07.08"]
[EventType "swiss"]
[EventRounds "5"]
[EventCountry "ENG"]
[SourceTitle "CBM 173 Extra"]
[Source "ChessBase"]
[SourceDate "2016.08.29"]
[SourceVersion "1"]
[SourceVersionDate "2016.08.29"]
[SourceQuality "1"]

1. c4 c5 2. Nc3 Nc6 3. g3 g6 4. Bg2 Bg7 5. a3 d6 6. Rb1 a5 7. d3 e5 8. Nf3 Nge7 9. 0-0 0-0 10. Bg5 f6 11. Be3 Rb8 12. Ne1 Be6 13. Nc2 Qd7 14. b4 b6 15. Bd2 cxb4 16. axb4 d5 17. cxd5 1/2-1/2

[Event "West Bromwich 4NCL op-A 9th"]
[Site "West Bromwich"]
[Date "2016.07.08"]
[Round "1"]
[White "Adair, James R"]
[Black "Savage, Nicholas W"]
[Result "1/2-1/2"]
[WhiteElo "2481"]
[BlackElo "1991"]
[PlyCount "86"]
[EventDate "2016.07.08"]
[EventType "swiss"]
[EventRounds "5"]
[EventCountry "ENG"]
[SourceTitle "CBM 173 Extra"]
[Source "ChessBase"]
[SourceDate "2016.08.29"]
[SourceVersion "1"]
[SourceVersionDate "2016.08.29"]
[SourceQuality "1"]

1. e4 e5 2. Nf3 Nc6 3. Bb5 a6 4. Ba4 Nf6 5. 0-0 Be7 6. Re1 b5 7. Bb3 d6 8. c3 0-0 9. h3 Na5 10. Bc2 c5 11. d4 Qc7 12. Nbd2 cxd4 13. cxd4 Rd8 14. b4 Nc6 15. a3 Nxd4 16. Nxd4 exd4 17. Bb2 Bb7 18. Rc1 Qd7 19. Nb3 Rac8 20. Bxd4 Re8 21. Qd3 g6 22. Qf3 Nh5 23. Qg4 Qxg4 24. hxg4 Nf4 25. Be3 Ne6 26. Na5 Ba8 27. Bb1 Bf6 28. Rcd1 Be5 29. g3 Red8 30. Bb6 Rd7 31. Rc1 Rb8 32. Be3 Bb2 33. Rc2 Bxa3 34. Ra2 Bxb4 35. Bd2 Bxd2 36. Rxd2 Nc5 37. f3 Rbd8 38. Rc1 f6 39. Kf2 Kg7 40. Ra2 Rc7 41. Ke3 Rdc8 42. Rd1 Rd7 43. Rc2 Rcd8 1/2-1/2

[Event "Crawley e2e4 Gatwick op"]
[Site "Crawley"]
[Date "2016.02.21"]
[Round "5"]
[White "Camp, Imogen AL"]
[Black "Savage, Nicholas W"]
[Result "1/2-1/2"]
[WhiteElo "1597"]
[BlackElo "2026"]
[PlyCount "59"]
[EventDate "2016.02.19"]
[EventType "swiss"]
[EventRounds "5"]
[EventCountry "ENG"]
[SourceTitle "CBM 171 Extra"]
[Source "ChessBase"]
[SourceDate "2016.04.26"]
[SourceVersion "1"]
[SourceVersionDate "2016.04.26"]
[SourceQuality "1"]

1. d4 Nf6 2. Nf3 g6 3. Bf4 Bg7 4. e3 0-0 5. Be2 c5 6. c4 cxd4 7. exd4 d5 8. 0-0 Nc6 9. Nc3 dxc4 10. Bxc4 Na5 11. Be2 Be6 12. Be5 Bc4 13. Rc1 Rc8 14. Nb5 Bxe2 15. Qxe2 Nc6 16. Rfd1 a6 17. Nc3 Nd5 18. Bxg7 Kxg7 19. Nxd5 Qxd5 20. b3 Rfd8 21. Qb2 e5 22. Rd2 Nxd4 23. Rcd1 Nxf3+ 24. gxf3 Qa5 25. Rxd8 Rxd8 26. Rxd8 Qxd8 27. Qxe5+ Qf6 28. Qe4 b5 29. Kg2 h5 30. f4 1/2-1/2

[Event "Crawley e2e4 Gatwick op"]
[Site "Crawley"]
[Date "2016.02.20"]
[Round "2"]
[White "Fernandez, Michael"]
[Black "Savage, Nicholas W"]
[Result "1-0"]
[WhiteElo "2265"]
[BlackElo "2026"]
[PlyCount "63"]
[EventDate "2016.02.19"]
[EventType "swiss"]
[EventRounds "5"]
[EventCountry "ENG"]
[SourceTitle "CBM 171 Extra"]
[Source "ChessBase"]
[SourceDate "2016.04.26"]
[SourceVersion "1"]
[SourceVersionDate "2016.04.26"]
[SourceQuality "1"]

1. c4 Nf6 2. g3 e6 3. Bg2 d5 4. Nf3 Be7 5. 0-0 0-0 6. b3 c5 7. Bb2 Nc6 8. cxd5 exd5 9. d4 Re8 10. Nc3 Bg4 11. dxc5 Bxc5 12. Rc1 Be7 13. h3 Be6 14. Nb5 Qd7 15. Kh2 Rac8 16. Nbd4 Ne4 17. Qd3 Bd6 18. Nxe6 fxe6 19. Nd4 Nf6 20. a3 Rf8 21. e4 Ne5 22. Qb5 dxe4 23. Qxd7 Nexd7 24. Nxe6 Rfe8 25. Rxc8 Rxc8 26. Rd1 Be5 27. Bxe5 Nxe5 28. Ng5 Nd3 29. Nxe4 Nxe4 30. Rxd3 Nf6 31. Bxb7 Rc2 32. Kg2 1-0

[Event "Birmingham 4NCL op-A 7th"]
[Site "Birmingham"]
[Date "2016.01.31"]
[Round "5"]
[White "Camp, Imogen AL"]
[Black "Savage, Nicholas W"]
[Result "1/2-1/2"]
[WhiteElo "1597"]
[BlackElo "2020"]
[PlyCount "70"]
[EventDate "2016.01.29"]
[EventType "swiss"]
[EventRounds "5"]
[EventCountry "ENG"]
[SourceTitle "CBM 170 Extra"]
[Source "ChessBase"]
[SourceDate "2016.02.25"]
[SourceVersion "1"]
[SourceVersionDate "2016.02.25"]
[SourceQuality "1"]

1. d4 Nf6 2. Nf3 g6 3. Bf4 Bg7 4. e3 0-0 5. h3 d6 6. c4 c5 7. Nc3 b6 8. Be2 Bb7 9. 0-0 Nbd7 10. Qd2 Rc8 11. Rfe1 Qc7 12. Rac1 Qb8 13. d5 a6 14. a4 Ne5 15. e4 Rfd8 16. Nxe5 dxe5 17. Bh6 Bh8 18. Rcd1 Ne8 19. Qg5 Qd6 20. Bg4 Rb8 21. Ne2 Bc8 22. Bxc8 Rdxc8 23. Nc3 Bg7 24. Bxg7 Kxg7 25. f4 f6 26. fxe5 Qxe5 27. Qxe5 fxe5 28. b3 Nd6 29. Re3 Rf8 30. Rg3 Rf4 31. Re1 Rbf8 32. Ree3 Rf1+ 33. Kh2 R1f2 34. Re2 R8f4 35. Rg4 Rxg4 1/2-1/2

[Event "Wetherby 4NCL op-A 6th"]
[Site "Wetherby"]
[Date "2016.01.10"]
[Round "4"]
[White "Shaw, Peter"]
[Black "Savage, Nicholas W"]
[Result "1-0"]
[WhiteElo "2116"]
[BlackElo "2020"]
[PlyCount "71"]
[EventDate "2016.01.08"]
[EventType "swiss"]
[EventRounds "5"]
[EventCountry "ENG"]
[SourceTitle "CBM 170 Extra"]
[Source "ChessBase"]
[SourceDate "2016.02.25"]
[SourceVersion "1"]
[SourceVersionDate "2016.02.25"]
[SourceQuality "1"]

1. d4 Nf6 2. c4 g6 3. Nc3 d5 4. cxd5 Nxd5 5. Bd2 Nb6 6. Nf3 Bg7 7. Bf4 0-0 8. e3 c5 9. dxc5 Bxc3+ 10. bxc3 Qxd1+ 11. Rxd1 N6d7 12. Bb5 a6 13. Ba4 Nc6 14. Nd4 Nxc5 15. Bxc6 bxc6 16. Nxc6 Re8 17. Nxe7+ Rxe7 18. Bd6 Rb7 19. Bxc5 Be6 20. 0-0 Rc8 21. Bb4 Bxa2 22. Rd6 Bc4 23. Rfd1 Be2 24. Rd8+ Rxd8 25. Rxd8+ Kg7 26. f3 Rc7 27. Kf2 Bb5 28. Bf8+ Kf6 29. Rd6+ Ke5 30. f4+ Ke4 31. Rd4+ Kf5 32. e4+ Kg4 33. h3+ Kh4 34. Rd5 Rd7 35. Rxd7 Bxd7 36. Be7+ 1-0

[Event "Birmingham 4NCL op-A 3rd"]
[Site "Birmingham"]
[Date "2015.07.19"]
[Round "5"]
[White "Savage, Nicholas W"]
[Black "Hebden, Mark"]
[Result "0-1"]
[WhiteElo "2023"]
[BlackElo "2500"]
[PlyCount "90"]
[EventDate "2015.07.17"]
[EventType "swiss"]
[EventRounds "5"]
[EventCountry "ENG"]
[SourceTitle "CBM 167 Extra"]
[Source "ChessBase"]
[SourceDate "2015.09.14"]
[SourceVersion "1"]
[SourceVersionDate "2015.09.14"]
[SourceQuality "1"]

1. d4 Nf6 2. c4 g6 3. Nc3 Bg7 4. e4 d6 5. Be2 0-0 6. Nf3 e5 7. 0-0 Nc6 8. d5 Ne7 9. Ne1 Nd7 10. f3 f5 11. g4 Kh8 12. Nd3 f4 13. Bd2 Bf6 14. b4 h5 15. h3 Bh4 16. c5 Nf6 17. Rc1 g5 18. Be1 Ng6 19. Bf2 hxg4 20. hxg4 Rf7 21. Kg2 Bxf2 22. Kxf2 Nh4 23. Rg1 Rh7 24. b5 Bd7 25. c6 bxc6 26. bxc6 Bc8 27. Rb1 a5 28. Nb2 Kg7 29. Nc4 Qh8 30. Rh1 Nxf3 31. Bxf3 Rh2+ 32. Kg1 Rxh1+ 33. Bxh1 Bxg4 34. Qf1 Qh4 35. Qf2 Qh3 36. Ne2 Rh8 37. Bg2 Qd3 38. Rb7 Bxe2 39. Nxd6 Qd1+ 40. Bf1 Bxf1 41. Rxc7+ Kg6 42. Rg7+ Kxg7 43. Qa7+ Kh6 44. Nf5+ Kh5 45. Ng7+ Kg6 0-1

[Event "BCF-chT3 1415 (4NCL)"]
[Site "England"]
[Date "2015.05.02"]
[Round "10.99"]
[White "Savage, Nicholas W"]
[Black "Stepanyan, Henrik"]
[Result "1/2-1/2"]
[WhiteElo "2072"]
[BlackElo "2072"]
[PlyCount "64"]
[EventDate "2015.03.21"]
[EventType "team-swiss"]
[EventRounds "11"]
[EventCountry "ENG"]
[SourceTitle "EXT 2016"]
[Source "ChessBase"]
[SourceDate "2015.10.08"]
[SourceVersion "1"]
[SourceVersionDate "2015.10.08"]
[SourceQuality "1"]
[WhiteTeam "Iceni"]
[BlackTeam "Warwicks Select II"]
[WhiteTeamCountry "ENG"]
[BlackTeamCountry "ENG"]

1. c4 Nf6 2. d4 e5 3. dxe5 Ng4 4. Bf4 Nc6 5. Nf3 Bb4+ 6. Nbd2 Qe7 7. a3 Bxd2+ 8. Qxd2 Ngxe5 9. Nxe5 Nxe5 10. e3 d6 11. Be2 0-0 12. 0-0 b6 13. Rfd1 Bb7 14. b4 a5 15. Qc3 Nd7 16. Bf1 Rfe8 17. Rac1 axb4 18. axb4 h6 19. Ra1 Nf6 20. h3 Ne4 21. Qb2 Ng5 22. Be2 Qe4 23. f3 Qg6 24. Kh2 Ne6 25. Bg3 h5 26. Bf2 Qf5 27. Bd3 Qg5 28. Rxa8 Bxa8 29. Ra1 Bc6 30. Ra7 Ra8 31. Rxa8+ Bxa8 32. Qc3 Bc6 1/2-1/2

[Event "BCF-chT3S 1415 (4NCL)"]
[Site "England"]
[Date "2014.11.16"]
[Round "2.77"]
[White "Savage, Nicholas W"]
[Black "Hutchinson, Norman A"]
[Result "1-0"]
[WhiteElo "1995"]
[BlackElo "2077"]
[PlyCount "99"]
[EventDate "2014.11.15"]
[EventType "team-swiss"]
[EventRounds "6"]
[EventCountry "ENG"]
[SourceTitle "CBM 163 Extra"]
[Source "ChessBase"]
[SourceDate "2014.12.23"]
[SourceVersion "1"]
[SourceVersionDate "2014.12.23"]
[SourceQuality "1"]
[WhiteTeam "Iceni"]
[BlackTeam "Poisoned Pawns"]
[WhiteTeamCountry "ENG"]
[BlackTeamCountry "ENG"]

1. d4 Nf6 2. c4 e6 3. Nf3 b6 4. a3 c5 5. d5 d6 6. Nc3 Qe7 7. g3 e5 8. Bg2 a6 9. 0-0 h6 10. e4 g6 11. Ne1 Bg7 12. Nd3 0-0 13. b4 Nbd7 14. Bd2 Rb8 15. Rb1 cxb4 16. axb4 Bb7 17. Qb3 Rfc8 18. Rfc1 Rc7 19. f3 Qd8 20. Be3 Qc8 21. Ne2 Ba8 22. Bh3 a5 23. b5 Ra7 24. Ra1 Ne8 25. Kg2 Kh7 26. Nc3 Bf6 27. Na4 Qd8 28. Qb2 Bg5 29. f4 Bf6 30. f5 Bg5 31. fxg6+ fxg6 32. Qf2 Bxe3 33. Qxe3 Qg5 34. Qxg5 hxg5 35. Bxd7 Rxd7 36. Rf1 Kg7 37. Nc3 Rc7 38. c5 bxc5 39. Rxa5 Bb7 40. Ra2 Rf7 41. Rxf7+ Kxf7 42. Ra7 Nf6 43. Nb2 Ke7 44. Nc4 Kd7 45. Kf3 g4+ 46. Ke3 Ne8 47. b6 Kd8 48. Na5 Kc8 49. Nb5 Ba8 50. Nc4 1-0

[Event "Sunningdale e2e4 op 05"]
[Site "Ascot"]
[Date "2014.05.24"]
[Round "3"]
[White "Savage, Nicholas W"]
[Black "Seymour, Timothy P"]
[Result "0-1"]
[WhiteElo "1977"]
[BlackElo "2076"]
[PlyCount "56"]
[EventDate "2014.05.23"]
[EventType "swiss"]
[EventRounds "7"]
[EventCountry "ENG"]
[SourceTitle "CBM 160 Extra"]
[Source "ChessBase"]
[SourceDate "2014.07.01"]
[SourceVersion "1"]
[SourceVersionDate "2014.07.01"]
[SourceQuality "1"]

1. d4 Nf6 2. c4 e6 3. Nf3 b6 4. g3 Ba6 5. Qc2 Bb4+ 6. Bd2 Be7 7. Bg2 c6 8. 0-0 0-0 9. Bf4 d5 10. Nbd2 Nbd7 11. Rac1 Rc8 12. Rfd1 Re8 13. Qb1 c5 14. dxc5 bxc5 15. e4 d4 16. e5 Nh5 17. Ne4 Nxf4 18. gxf4 f5 19. Ng3 Rb8 20. b3 g6 21. Qc2 Bb7 22. Kh1 a5 23. Rg1 Bc6 24. Ne1 Qb6 25. Rd1 Kh8 26. Rd3 Ra8 27. a4 Ra7 28. Nf3 Be4 0-1

[Event "High Wycombe e2e4 op"]
[Site "High Wycombe"]
[Date "2014.05.11"]
[Round "5"]
[White "Savage, Nicholas W"]
[Black "Bullen, Alex"]
[Result "1-0"]
[WhiteElo "1977"]
[BlackElo "2062"]
[PlyCount "91"]
[EventDate "2014.05.09"]
[EventType "swiss"]
[EventRounds "5"]
[EventCountry "ENG"]
[SourceTitle "EXT 2015"]
[Source "ChessBase"]
[SourceDate "2014.11.20"]
[SourceVersion "1"]
[SourceVersionDate "2014.11.20"]
[SourceQuality "1"]

1. d4 Nf6 2. c4 e6 3. Nf3 d5 4. g3 dxc4 5. Bg2 a6 6. Ne5 c5 7. Na3 cxd4 8. Naxc4 Ra7 9. Bd2 Nd5 10. 0-0 b5 11. Ba5 Qf6 12. Qxd4 Rd7 13. Rfd1 bxc4 14. Nxd7 Qxd4 15. Rxd4 Nc6 16. Rxc4 Bxd7 17. Be1 Be7 18. Rac1 Ne5 19. Bxd5 exd5 20. Rc7 Bd8 21. Ra7 Bb5 22. Rc8 Nc6 23. Rac7 Nd4 24. Bb4 Bd7 25. Ra8 Nxe2+ 26. Kg2 Nd4 27. f4 Nb5 28. Rb7 Nd4 29. Bd6 Nc6 30. b4 d4 31. Kf2 h5 32. a4 Rh6 33. Bc5 Re6 34. b5 d3 35. Be3 axb5 36. axb5 Na5 37. Rbb8 Nc4 38. Rxd8+ Ke7 39. Bc5+ Nd6 40. Bb4 Re2+ 41. Kf1 Bh3+ 42. Kg1 d2 43. Rxd6 Re1+ 44. Kf2 Rb1 45. Ra7+ Ke8 46. Bxd2 1-0

[Event "High Wycombe e2e4 op"]
[Site "High Wycombe"]
[Date "2014.05.10"]
[Round "2"]
[White "Villiers, Thomas"]
[Black "Savage, Nicholas W"]
[Result "0-1"]
[WhiteElo "2108"]
[BlackElo "1977"]
[PlyCount "138"]
[EventDate "2014.05.09"]
[EventType "swiss"]
[EventRounds "5"]
[EventCountry "ENG"]
[SourceTitle "EXT 2015"]
[Source "ChessBase"]
[SourceDate "2014.11.20"]
[SourceVersion "1"]
[SourceVersionDate "2014.11.20"]
[SourceQuality "1"]

1. c4 Nf6 2. g3 g6 3. Bg2 d5 4. cxd5 Nxd5 5. Nc3 Nxc3 6. bxc3 Bg7 7. Rb1 Nc6 8. Qa4 0-0 9. Nf3 Rb8 10. 0-0 Bd7 11. Qc2 Na5 12. d3 c5 13. Bf4 Rc8 14. Ne5 Be6 15. Rfd1 g5 16. Bxg5 Bxe5 17. Bxb7 Nxb7 18. Rxb7 Rc7 19. Rdb1 Bd5 20. R7b5 Qd6 21. f4 Bg7 22. e4 Bc6 23. Rb8 Rcc8 24. Rxc8 Rxc8 25. f5 Qe5 26. Bd2 c4 27. Rb4 cxd3 28. Qxd3 e6 29. g4 exf5 30. exf5 Bf8 31. Rf4 Qd5 32. Qxd5 Bxd5 33. Ra4 Bc5+ 34. Kf1 Kf8 35. g5 Bb6 36. Rh4 Kg8 37. Ra4 Rc4 38. Rb4 Rxb4 39. cxb4 Bxa2 40. Ke2 Bb1 41. f6 Be4 42. h4 Kf8 43. h5 Ke8 44. Bf4 Kd7 45. Be5 Ke6 46. Bc3 Bd5 47. Kd3 Kf5 48. Bd2 Kg4 49. h6 Kf5 50. b5 Be6 51. Bc1 Ke5 52. Kc3 Bc5 53. Kd3 Kd5 54. Bf4 Bb6 55. Bc1 Kc5 56. Ke4 Kxb5 57. Ke5 Bc7+ 58. Kd4 a5 59. Ke4 Kc4 60. Ba3 a4 61. Bb2 Kb3 62. Be5 Ba5 63. Ba1 Bd2 64. g6 fxg6 65. Ke5 Bc4 66. f7 Bxf7 67. Kf6 Bxh6 68. Kxf7 Bc1 69. Kg7 Bb2+ 0-1

[Event "High Wycombe e2e4 op"]
[Site "High Wycombe"]
[Date "2014.05.09"]
[Round "1"]
[White "Savage, Nicholas W"]
[Black "Jackson, James P"]
[Result "0-1"]
[WhiteElo "1977"]
[BlackElo "2283"]
[PlyCount "56"]
[EventDate "2014.05.09"]
[EventType "swiss"]
[EventRounds "5"]
[EventCountry "ENG"]
[SourceTitle "EXT 2015"]
[Source "ChessBase"]
[SourceDate "2014.11.20"]
[SourceVersion "1"]
[SourceVersionDate "2014.11.20"]
[SourceQuality "1"]

1. d4 Nf6 2. c4 c5 3. d5 e6 4. Nc3 exd5 5. cxd5 d6 6. e4 g6 7. Nge2 Bg7 8. Ng3 0-0 9. Be2 a6 10. a4 Nbd7 11. 0-0 Rb8 12. Ra3 h5 13. Bg5 Qc7 14. f4 Nh7 15. Bh4 c4 16. Qd2 b5 17. axb5 axb5 18. b4 Nc5 19. Kh1 Nb3 20. Rxb3 cxb3 21. Nxb5 Qc2 22. Qe1 Bg4 23. Na3 Qa2 24. Nc4 Rfc8 25. Bd3 b2 26. h3 Bd7 27. Qe2 Rxb4 28. Nxd6 Rc1 0-1

[Event "High Wycombe e2e4 op 03"]
[Site "High Wycombe"]
[Date "2014.03.16"]
[Round "5"]
[White "Kalaiyalahan, Akshaya"]
[Black "Savage, Nicholas W"]
[Result "0-1"]
[WhiteElo "1973"]
[BlackElo "1971"]
[PlyCount "66"]
[EventDate "2014.03.14"]
[EventType "swiss"]
[EventRounds "5"]
[EventCountry "ENG"]
[SourceTitle "CBM 159 Extra"]
[Source "ChessBase"]
[SourceDate "2014.04.24"]
[SourceVersion "1"]
[SourceVersionDate "2014.04.24"]
[SourceQuality "1"]

1. d4 Nf6 2. Nf3 g6 3. g3 Bg7 4. Bg2 c5 5. 0-0 cxd4 6. Nxd4 Nc6 7. c4 0-0 8. Nc3 Qb6 9. Nb3 d6 10. Nd5 Qd8 11. e4 Nd7 12. Qe2 Rb8 13. Be3 b6 14. Rfd1 Ba6 15. f4 Rc8 16. Rac1 Re8 17. a3 Rb8 18. Qf2 Qc8 19. Rd2 Nc5 20. Na1 Na5 21. b4 Ncb3 22. bxa5 Nxc1 23. Rd1 bxa5 24. Rxc1 Rb2 25. Qe1 e6 26. Nc3 Bxc4 27. Nc2 Bd3 28. Nd4 Qc4 29. Ncb5 Qa2 30. Bf3 Bxb5 31. Qxa5 a6 32. Qc7 Qxa3 33. Nxb5 Qxe3+ 0-1

[Event "High Wycombe e2e4 op 03"]
[Site "High Wycombe"]
[Date "2014.03.15"]
[Round "2"]
[White "Savage, Nicholas W"]
[Black "Sowray, Peter John"]
[Result "0-1"]
[WhiteElo "1971"]
[BlackElo "2347"]
[PlyCount "52"]
[EventDate "2014.03.14"]
[EventType "swiss"]
[EventRounds "5"]
[EventCountry "ENG"]
[SourceTitle "CBM 159 Extra"]
[Source "ChessBase"]
[SourceDate "2014.04.24"]
[SourceVersion "1"]
[SourceVersionDate "2014.04.24"]
[SourceQuality "1"]

1. e4 e6 2. d4 d5 3. Nd2 c5 4. exd5 exd5 5. Ngf3 a6 6. dxc5 Bxc5 7. Nb3 Be7 8. Bd3 Nf6 9. 0-0 Nc6 10. Re1 Bg4 11. h3 Bh5 12. c3 0-0 13. Bf4 Qb6 14. Re3 d4 15. Nbxd4 Nxd4 16. Rxe7 Nd5 17. Bxh7+ Kxh7 18. Ng5+ Kg6 19. Qd3+ f5 20. Qg3 Ne2+ 21. Rxe2 Bxe2 22. Ne6+ Kf7 23. Qxg7+ Kxe6 24. Qe5+ Kf7 25. Qxd5+ Kg6 26. Be3 Rfd8 0-1

[Event "High Wycombe e2e4 op 03"]
[Site "High Wycombe"]
[Date "2014.03.15"]
[Round "3"]
[White "Villiers, Thomas"]
[Black "Savage, Nicholas W"]
[Result "1-0"]
[WhiteElo "2090"]
[BlackElo "1971"]
[PlyCount "47"]
[EventDate "2014.03.14"]
[EventType "swiss"]
[EventRounds "5"]
[EventCountry "ENG"]
[SourceTitle "CBM 159 Extra"]
[Source "ChessBase"]
[SourceDate "2014.04.24"]
[SourceVersion "1"]
[SourceVersionDate "2014.04.24"]
[SourceQuality "1"]

1. c4 e5 2. g3 Nf6 3. Bg2 d5 4. cxd5 Nxd5 5. Nc3 Nb6 6. Nf3 Nc6 7. a3 Be7 8. 0-0 0-0 9. b4 Be6 10. d3 f6 11. Bb2 Qd7 12. Re1 a5 13. b5 Nd4 14. Nd2 Nxb5 15. Bxb7 Rab8 16. Bg2 Nxc3 17. Bxc3 Na4 18. Bxa5 Qb5 19. Bxc7 Rbc8 20. Rb1 Qd7 21. Ba5 Bxa3 22. Rb7 Qe8 23. Nc4 Be7 24. Rxe7 1-0

[Event "High Wycombe e2e4 op U2050"]
[Site "High Wycombe"]
[Date "2013.10.13"]
[Round "4"]
[White "Ponchel, Claude"]
[Black "Savage, Nicholas W"]
[Result "0-1"]
[WhiteElo "1904"]
[BlackElo "1988"]
[PlyCount "112"]
[EventDate "2013.10.11"]
[EventType "swiss"]
[EventRounds "5"]
[EventCountry "ENG"]
[SourceTitle "EXT 2015"]
[Source "ChessBase"]
[SourceDate "2014.11.20"]
[SourceVersion "1"]
[SourceVersionDate "2014.11.20"]
[SourceQuality "1"]

1. f4 Nf6 2. Nf3 g6 3. g3 Bg7 4. Bg2 0-0 5. 0-0 d5 6. d3 c5 7. Nbd2 Nc6 8. h3 Nh5 9. Kh2 e5 10. fxe5 Nxe5 11. e4 Qc7 12. Qe1 d4 13. Rg1 Bd7 14. Nf1 b5 15. Nxe5 Qxe5 16. Bf3 Rac8 17. Qe2 c4 18. Bxh5 cxd3 19. cxd3 Qxh5 20. Qxh5 Rc2+ 21. Rg2 Rxg2+ 22. Kxg2 gxh5 23. Bd2 Rc8 24. Rc1 Rxc1 25. Bxc1 a5 26. Bf4 a4 27. a3 b4 28. Nd2 Bb5 29. Nc4 bxa3 30. bxa3 Bxc4 31. dxc4 Bf8 32. Bc1 d3 33. Kf3 d2 34. Bxd2 Bxa3 35. Bc3 Kf8 36. Ke2 Ke7 37. Kd3 Kd6 38. e5+ Kc5 39. Bd4+ Kc6 40. Kc2 Bc5 41. Bc3 Bf2 42. g4 hxg4 43. hxg4 Kc5 44. Kd3 Bg1 45. Bb2 Kb4 46. Bc3+ Kb3 47. Ba1 a3 48. Bc3 Bc5 49. Ba1 Ka2 50. Bc3 Kb1 51. Ke4 a2 52. Kd5 Ba3 53. c5 Bb2 54. Bxb2 Kxb2 55. c6 a1Q 56. c7 Qa8+ 0-1

[Event "High Wycombe e2e4 op U2050"]
[Site "High Wycombe"]
[Date "2013.10.11"]
[Round "1"]
[White "Finn, Peter"]
[Black "Savage, Nicholas W"]
[Result "1/2-1/2"]
[WhiteElo "1729"]
[BlackElo "1988"]
[PlyCount "91"]
[EventDate "2013.10.11"]
[EventType "swiss"]
[EventRounds "5"]
[EventCountry "ENG"]
[SourceTitle "EXT 2015"]
[Source "ChessBase"]
[SourceDate "2014.11.20"]
[SourceVersion "1"]
[SourceVersionDate "2014.11.20"]
[SourceQuality "1"]

1. e4 e5 2. Bc4 Nc6 3. Nf3 Nf6 4. Ng5 d5 5. exd5 Na5 6. Bb5+ c6 7. dxc6 bxc6 8. Qf3 h6 9. Ne4 Nd5 10. Be2 Be7 11. c4 Nb4 12. Na3 0-0 13. Qc3 f5 14. Ng3 Qd6 15. 0-0 Bb7 16. Nc2 c5 17. Nxf5 Rxf5 18. Ne3 Rff8 19. a3 Nbc6 20. b4 cxb4 21. axb4 Qxb4 22. Qd3 Qb3 23. Qd5+ Kh8 24. Rxa5 Nxa5 25. Qxa5 Bd6 26. c5 Bb8 27. Bc4 Qb1 28. d3 Bc6 29. Ba6 Rf7 30. Ba3 Bc7 31. Qc3 Qb8 32. Qc2 Qd8 33. Bb2 Qg5 34. Bc4 Rd7 35. Be6 Rd4 36. Bxd4 exd4 37. f4 Qe7 38. Nd5 Qxe6 39. Nxc7 Qe3+ 40. Kh1 Rc8 41. Qb3 Qe2 42. Rg1 Rxc7 43. Qb8+ Kh7 44. Qxc7 Bxg2+ 45. Rxg2 Qf1+ 46. Rg1 1/2-1/2

[Event "Bedford e2e4 op"]
[Site "Bedford"]
[Date "2013.09.21"]
[Round "2"]
[White "Savage, Nicholas W"]
[Black "Sowray, Peter John"]
[Result "0-1"]
[WhiteElo "1982"]
[BlackElo "2341"]
[PlyCount "160"]
[EventDate "2013.09.20"]
[EventType "swiss"]
[EventRounds "5"]
[EventCountry "ENG"]
[SourceTitle "CBM 156 Extra"]
[Source "ChessBase"]
[SourceDate "2013.10.22"]
[SourceVersion "1"]
[SourceVersionDate "2013.10.22"]
[SourceQuality "1"]

1. d4 Nf6 2. c4 e6 3. Nf3 b6 4. g3 Ba6 5. Qc2 Bb4+ 6. Bd2 Be7 7. Bg2 0-0 8. 0-0 c6 9. Bf4 d5 10. Nbd2 Nbd7 11. Rfd1 Rc8 12. Qa4 Bxc4 13. Nxc4 b5 14. Qxa7 bxc4 15. Qa4 Qb6 16. Qc2 c5 17. e3 h6 18. Be5 Ne4 19. dxc5 Bxc5 20. Bd4 Rb8 21. Rab1 Qa5 22. b3 Rfc8 23. bxc4 Rxb1 24. Rxb1 Bxd4 25. Nxd4 Rxc4 26. Qb2 Nc3 27. Ra1 Nb6 28. Bf1 Rc8 29. Bd3 e5 30. Nf5 Qc5 31. Bf1 d4 32. exd4 exd4 33. Bd3 Re8 34. Qd2 Nc4 35. Qf4 Ne5 36. Re1 Nf3+ 37. Qxf3 Rxe1+ 38. Kg2 Qd5 39. Nxd4 Qxf3+ 40. Kxf3 Nxa2 41. h4 Nc3 42. Ne2 Nxe2 43. Bxe2 Kf8 44. Bd3 Ke7 45. Bc4 f6 46. Bd3 Kd6 47. Bg6 Ke5 48. Kg4 Ra1 49. Bf7 f5+ 50. Kf3 Ra3+ 51. Kg2 Rc3 52. Bh5 Ke4 53. Bg6 Rc6 54. Bh5 Rc3 55. Bg6 Ke5 56. Bh5 f4 57. Bf3 Rc2 58. Bd1 Rd2 59. Bg4 fxg3 60. Kxg3 Rd3+ 61. f3 Rd4 62. Bc8 Rc4 63. Bb7 Rf4 64. Bc6 Rf6 65. Be4 Kd4 66. Kg4 Ke3 67. Kg3 Re6 68. Bf5 Ra6 69. Be4 Ra1 70. h5 Rg1+ 71. Kh3 Kf4 72. Bd5 Rg5 73. Bf7 Kxf3 74. Be8 Kf4 75. Bf7 Ra5 76. Bg6 Kg5 77. Be8 Ra1 78. Kh2 Ra3 79. Kg2 Kh4 80. Bf7 Ra5 0-1